000
00299nam a2200109Ia 4500
008
220120s9999||||xx |||||||||||||| ||und||
100
_a
Competition Success Review
245
0
_a
General knowledge year book 2010
260
_a
Competition success review
_c
2010
300
_b
0
650
_a
GENERAL BOOKS
999
_c
136867
_d
136867